| 000 | 00593nam a22002177a 4500 | ||
|---|---|---|---|
| 003 | OSt | ||
| 005 | 20221119095741.0 | ||
| 008 | 130130t xxu||||| |||| 00| 0 eng d | ||
| 020 | _a9789715422895 | ||
| 050 |
_aGR 325 _b.Eu87 2002 |
||
| 082 |
_aFIL 398.9 _bE538 2002 |
||
| 245 |
_aPhilippine folk literature _c[compiled and edited by] Damiana L. Eugenio. |
||
| 260 |
_aQuezon City : _bUniversity of the Philippines Press, _c2001 |
||
| 300 |
_a8 v. ; _c23 cm. |
||
| 526 | _c1210L-1700L | ||
| 562 | _e3 | ||
| 942 |
_2lcc _cBK |
||
| 999 |
_c17446 _d17446 |
||